| 000 | 00577nam a2200217Ia 4500 | ||
|---|---|---|---|
| 003 | OSt | ||
| 005 | 20230504190409.0 | ||
| 008 | 210423s2019 xx 000 0 und d | ||
| 020 | _a978-1-64116-108-4 | ||
| 040 | _cAL | ||
| 041 | _aeng | ||
| 082 |
_a664 _223 _bFEAF |
||
| 100 |
_aFEATHERSTONE (Cindy) _998207 |
||
| 245 | _aFood quality safety and technology | ||
| 260 |
_aNew York _bCallistoreference _c2019 |
||
| 300 |
_avii,215 _bHB |
||
| 365 |
_b11307.2 _cUSD |
||
| 650 |
_aFood Technology _998208 |
||
| 906 | _aFood ; quality ; safety ; technology | ||
| 942 |
_2ddc _cBK |
||
| 999 |
_c171084 _d171084 |
||